Corruptelas encubiertas

Shranjeno v:
Bibliografske podrobnosti
Format: Texto
Teme:
Oznake: Označite
Brez oznak, prvi označite!

MARC

LEADER 00000 a a2200000 04500
001 6636
003
040
245 |a Corruptelas encubiertas  
650 |a CORRUPCION  
650 |a EL SALVADOR  
773 |g volumen 23, número 1036; páginas 8-9  
999 |c 35353  |d 35353